| 000 | 00325nam a22001097a 4500 | ||
|---|---|---|---|
| 999 |
_c515142 _d515142 |
||
| 082 | _aN11X5411 | ||
| 100 |
_aBhuyan, Suryya Kumar _920280 |
||
| 245 |
_aThe Military System in Mediaeval Assam _cby Chaturvedi, T. N. |
||
| 260 |
_aGuwahati _bThe Centenary Celebration Commitee _c2010 |
||
| 300 | _a48p. | ||
| 650 |
_aMillitary _920281 |
||